000
00247nam a22000977a 4500
999
_c
11752
_d
11752
008
200114b ||||| |||| 00| 0 eng d
020
_a
9780811437738
100
_a
Herschell Michael
_9
7439
245
_a
Animals in Danger
260
_b
Steck-Vaughn
_c
1995